Local, local! : la ciutat que ve / [direcció: Francesc Muñoz ; coordinació: Rosa Puig ; traducció: Anna Agüera] la ciutat que ve / [direcció:
MARC
| LEADER | 00000nam a2200000Ia 4500 | ||
|---|---|---|---|
| 001 | 22643 | ||
| 008 | 160829s2010 xx 000 0 cat d | ||
| 020 | |a 978-84-9803-385-4 | ||
| 080 | |a B-2-216 | ||
| 245 | |a Local, local! : |b la ciutat que ve / [direcció: |b Francesc Muñoz ; coordinació: |b Rosa Puig ; traducció: |b Anna Agüera] | ||
| 260 | |a Barcelona : |b Centre de Cultura Contemporània de Barcelona : |b Diputació de Barcelona, Direcció de Comunicació, |c 2010 | ||
| 300 | |a 149 p. : |b il. col. ; |c 24 cm + 1 CD-ROM | ||
| 590 | |a Catàleg de l'exposició celebrada al CCCB del 23 de febrer al 2 de maig de 2010. | ||
| 590 | |a Subtítol del disc òptic: Servidor de polítiques urbanes locals. | ||
| 590 | |a Text en català i castellà | ||
| 650 | |a Urbanisme |x S. XXI |x Exposicions |9 44933 | ||
| 700 | |a Muñoz, Francesc, dir. |9 44934 |e director | ||
| 700 | 1 | |a Puig, Rosa M. |e coordinador |9 44766 | |
| 700 | |a Agüera Urbaneja, Anna |e traductor |9 38316 | ||
| 710 | 2 | |a Centre de Cultura Contemporània de Barcelona |9 52510 | |
| 710 | |a Barcelona (Catalunya : Província). |b Direcció de Comunicació |9 53855 | ||
| 901 | |a Arxiu | ||
| 942 | |n 1 |2 udc | ||
| 952 | |0 0 |1 0 |4 0 |6 B2216 |7 1 |9 52258 |a Arxiu |b Arxiu |d 2016-12-01 |l 0 |o B-2-216 |p 22643 |r 2016-12-01 00:00:00 |w 2016-12-01 |y ARXIU | ||
| 999 | |c 56106 |d 56106 | ||